El discurso televisivo: Espectáculo de la posmodernidad
שמור ב:
| מחבר ראשי: | |
|---|---|
| פורמט: | ספר |
| שפה: | ספרדית |
| יצא לאור: |
Madrid,España:
Cátedra,
1999.
|
| מהדורה: | Cuarta edición. |
| סדרה: | Signo e Imagen ;
|
| נושאים: | |
| תגים: |
הוספת תג
אין תגיות, היה/י הראשונ/ה לתייג את הרשומה!
|
MARC
| LEADER | 00000nam a2200000 a 4500 | ||
|---|---|---|---|
| 001 | UCO6656 | ||
| 003 | CL-VaPUC | ||
| 005 | 20250321101905.0 | ||
| 008 | 001027e19990000SP |||||||||||||||||spa|d | ||
| 999 | |c 292133 |d 292131 | ||
| 020 | |a 84-376-0756-6 | ||
| 040 | |c Pontificia Universidad Católica de Valparaíso | ||
| 082 | 0 | 4 | |a 302.2345 GON 1999 |2 21 |
| 100 | |a González Requena, Jesús |e autor |9 602479 | ||
| 245 | 1 | 3 | |a El discurso televisivo: |b Espectáculo de la posmodernidad |
| 250 | |a Cuarta edición. | ||
| 260 | |a Madrid,España: |b Cátedra, |c 1999. | ||
| 300 | |a 167 páginas. | ||
| 490 | 0 | |a Signo e Imagen ; |n 9. | |
| 500 | |a c.3.-c.4. Instituto Arcos 8-1-2025. | ||
| 583 | |a last modification |c 20001027 00:00:00 |k Rodrigo Vera | ||
| 650 | 0 | |a Análisis lingüístico |9 314711 | |
| 650 | 0 | |a Discursos |9 265028 | |
| 650 | 0 | |a Locución en televisión |9 896091 | |
| 942 | |c BK |2 ddc |n 0 | ||
| 945 | |d 20001027 00:00:00 |a vberengu | ||
| 952 | |0 0 |1 0 |4 0 |6 302_234500000000000_GON_1999 |7 0 |8 A |9 342764 |a FDOPOS |b FDOPOS |d 2019-11-20 |i 3664120 |o 302.2345 GON 1999 |p 3664120 |r 2025-01-22 |w 2019-11-20 |y BK |k MLA | ||
| 952 | |0 0 |1 0 |4 0 |6 302_234500000000000_GON_1999 |7 0 |8 A |9 342765 |a BIBCUR |b BIBCUR |d 2019-11-20 |i 3799271 |o 302.2345 GON 1999 |p 3799271 |r 2025-04-22 |w 2019-11-20 |y BK |k PER | ||
| 952 | |0 0 |1 0 |2 ddc |4 0 |6 302_234500000000000_GON_1999 |7 0 |8 A |9 600294 |a BIBINC |b BIBINC |d 2025-01-31 |e Instituto Arcos |i 5665223 |o 302.2345 GON 1999 |p 5665223 |r 2025-01-31 |t 3 |w 2025-01-31 |y BK |k IFP | ||
| 952 | |0 0 |1 0 |2 ddc |4 0 |6 302_234500000000000_GON_1999 |7 0 |8 A |9 600295 |a BIBINC |b BIBINC |d 2025-01-31 |e Instituto Arcos |i 5665224 |o 302.2345 GON 1999 |p 5665224 |r 2025-01-31 |t 4 |w 2025-01-31 |y BK |k IFP | ||